Which Song has Kanye? - Statistics

General Stats
  • This quiz has been taken 66 times
  • The average score is 5 of 10
Answers on the Grid
Answers color-coded by a green-red scale on the quiz's grid according to % correct below.
Sicko Mode
BALD!
i scream this in the mirror before i interact with anyone
Look What You've Done
Headlines
4X4
Tyrone 2021
So Soulful
Otis
What Would Meek Do?
Devil In A New Dress
I'll Be Right There
Die4Guy
Ice Age
24
Off The Grid
My Way
Wheels Fall Off
Guard Down
Piss On Your Grave
 
Answer Stats
Answer % Correct
Devil In A New Dress
91%
Off The Grid
91%
Otis
91%
24
56%
Wheels Fall Off
56%
Piss On Your Grave
51%
My Way
31%
What Would Meek Do?
25%
So Soulful
13%
Guard Down
11%
No matching quizzes found
Score Distribution
Percent of People with Each Score
Percentile by Number Answered
Your Score History
You have not taken this quiz